Tennis - Plus jeunes vainqueurs. - Statistiques

Statistiques générales
  • Ce quiz a été pris 35 fois
  • Le résultat moyen est 3 sur 10
Statistiques - réponses
Âge Tournoi remporté Joueur % Correct
16 ans 7 mois 1988 Transamerica Open/Pacific Coast Championships Michael Chang
83%
17 ans 6 mois 1987 Sul America Open Andre Agassi
55%
17 ans 7 mois 1974 New Zealand Open/Benson and Hedges Open Björn Borg
52%
17 ans 6 mois 1985 Stella Artois Championships Boris Becker
45%
17 ans 9 mois 1982 Internationaux de France Mats Wilander
45%
16 ans 10 mois 1998 Tournoi de tennis d'Adélaïde Lleyton Hewitt
24%
17 ans 9 mois 1992 Hypo Group Tennis International (Gênes) Andriy Medvedev
10%
17 ans 7 mois 1983 Melbourne Outdoor Pat Cash
10%
16 ans 2 mois 1983 Tournoi de tennis de Tel Aviv Aaron Krickstein
7%
17 ans 6 mois 1987 Bavarian Tennis Championships Guillermo Pérez Roldán
3%
Aucun quiz correspondant
Distribution des résultats
% des personnes avec chaque résultat
Percentile par nombre de réponses
Votre historique - résultats
Vous n’avez pas pris ce quiz